000
00319nam a22001457a 4500
020
_a
978817754982
041
_a
ENG
100
_a
Prasad.S
245
_a
Production Technology of Fruit Crops
260
_a
Jodhpur
_b
Agrobios ( India )
_c
2015
300
_a
414
650
_a
APE
700
_a
Bhardwaj.R.L
856
_u
AOE
999
_c
3209
_d
3209